Mezinárodní cestovní ruch

Salvato in:
Dettagli Bibliografici
Autore principale: Kašpar, Jiří
Ente Autore: Vysoká škola ekonomická v Praze. Obchodní fakulta
Natura: Libro
Lingua:ceco
Pubblicazione: Praha Státní pedagogické nakladatelství 1981
Edizione:2. vyd.
Tags: Aggiungi Tag
Nessun Tag, puoi essere il primo ad aggiungerne!!

MARC

LEADER 00000nam a2200000 4500
001 c131611
005 20190204091827.9
041 0 |a cze 
044 |a CZ 
245 1 0 |a Mezinárodní cestovní ruch  |c Jiří Kašpar 
250 |a 2. vyd. 
264 1 |a Praha  |b Státní pedagogické nakladatelství  |c 1981 
300 |a 133 s. 
100 1 |a Kašpar, Jiří 
710 2 |a Vysoká škola ekonomická v Praze. Obchodní fakulta